000 00526nam a2200193Ia 4500
005 20250923145050.0
008 008 250917s9999 xx 000 0 eng d
037 _aTextual
040 _aDSWL
_beng
_cDSWL
041 _aeng
_2eng
084 _aYx
_qDSWL
245 0 _aLouis Wirth on cities and social life
_cEd.by A.J. Reiss
260 _aChicago
_bUniversity of Chicago Press
_c1964
300 _axvi,525p.
365 _aUSD
_b2.95
925 _g2.95
942 _cTEXL
_hYx
999 _c1446663
_d1446663